Statystyki dla Siatkówka quiz #3 - Jak nazywa się ten siatkarz? [poziom trudny]

Kliknij tutaj aby rozwiązać quiz!

Ogólne statystyki

  • Ten quiz został rozwiązany 82 razy
  • Średni wynik to 9 z 16

Statystyki odpowiedzi

Odpowiedź% Poprawnych
Fabian Drzyzga
94%
Grzegorz Łomacz
94%
Georg Grozer
71%
Jurij Gladyr
70%
Uros Kovacević
64%
Joandry Leal
58%
Wallace de Souza
58%
Lucianno de Cecco
57%
Tine Urnaut
52%
Jenia Grebennikow
45%
Simeone Giannelli
45%
Yuki Ishikawa
42%
Michal Masný
40%
Miguel Ángel Falasca
38%
Nicolás Uriarte
35%
Dick Kooy
27%

Rozkład punktacji

Percentyl według liczby udzielonych odpowiedzi

Procent ludzi z każdym wynikiem

Twoja historia wyników

Nie rozwiązałeś tego quizu